Ciudades musulmanas - ¡Muerte súbita! - Estadísticas

Estadísticas generales
  • Esta prueba ha sido intentada 81 veces
  • La puntuación promedio es 12 de 21
Answers on the Grid
Answers color-coded by a green-red scale on the quiz's grid according to % correct below.
Adís Abeba
Ammán
Argel
Astana
Bagdad
Bakú
Bangalore
Bangkok
Beirut
Berlín
Casablanca
Chittagong
Colombo
Dakar
Dubái
El Cairo
Estambul
Kabul
Karachi
Kinshasa
Mascate
Mogadiscio
Montevideo
Nicosia
Phnom Penh
Saná
Sofía
Teherán
Tirana
Yakarta
Yangón
Yibuti
 
Estadísticas de respuestas
Respuesta % Correcto
Argel
88%
Ammán
84%
Bagdad
81%
El Cairo
79%
Estambul
72%
Beirut
70%
Dubái
70%
Teherán
63%
Bakú
61%
Casablanca
60%
Kabul
60%
Astana
53%
Dakar
53%
Yakarta
51%
Mascate
49%
Saná
47%
Yibuti
39%
Karachi
32%
Mogadiscio
32%
Tirana
32%
Chittagong
11%
No se encontraron pruebas coincidentes
Distribución de puntuación
Porcentaje de gente con cada puntuación
Porcentaje por número respondido
Historial de tus puntuaciones
No has intentado esta prueba.